00705 2200229 4500001002100000005001700021008004100038020002200079035002500101040001200126082000800138084001800146100001600164245015200180250001100332260002700343300002700370650001800397700002700415700002100442850001200463INLIS00000000000828420150728103146.0  a978-979-29-3625-4 a0010-071500000000967 aYOPDYOG a240 aDEP 240 Yat S aYATES, John aSuccesful kidis through character: mendidik anak untuk memiliki 8 karakter utamac/ John Yates, Susan Alexander Yates ; penerjemah Laurencia Susan. aCet.1. aYogyakartabAndic2013 axiv, 273 hlm.c; 23 cm aEtika Kristen aYates, Susan Alexander aSusan, Laurencia aYOPDYOG